Flora de Venezuela Rubiaceae (Registro nro. 1003)

Detalles MARC
000 -CABECERA
Campo de control 00571nam a2200217 a 4500
005 - FECHA Y HORA DE LA ULTIMA TRANSACCION
Campo de control 20191224041550.0
008 - ELEMENTOS DE LONGITUD FIJA—INFORMACION GENERAL
Campo de control 140224b1974 ve ||||| |||| 00| 0 spa d
040 ## - FUENTE DE CATALOGACIÓN
Agencia catalogadora original CO-BoIAVH
Agencia transcriptora CO-BoIAVH
041 ## - IDIOMA
Código de idioma para texto/pista de sonido o título separado Español
044 ## - PAÍS DE PUBLICACIÓN
País de publicación Venezuela
082 ## - NUMERO DE CLASIFICACION DECIMAL DEWEY
Número de clasificación 580.909
Número del ítem S85r
100 1# - ASIENTO PRINCIPAL--NOMBRE PERSONAL
Nombre personal Steyermark, Julian A.
9 (RLIN) 10309
245 1# - MENCION DE TITULO
Título Flora de Venezuela Rubiaceae
260 ## - PUBLICACION, DISTRIBUCION, ETC. (PIE DE IMPRENTA)
Lugar de publicación, distribución, etc. Caracas
Nombre del editor, distribuidor, etc. Instituto Botánico
Fecha de publicación, distribución, etc. 1974
300 ## - DESCRIPCION FISICA
Extensión 1459 Paginas
650 #6 - ASIENTO SECUNDARIO DE MATERIA - TERMINO TEMATICO
Término temático o nombre geográfico como elemento de entrada Flora
9 (RLIN) 53819
650 #6 - ASIENTO SECUNDARIO DE MATERIA - TERMINO TEMATICO
Término temático o nombre geográfico como elemento de entrada Vegetación
9 (RLIN) 53820
650 #6 - ASIENTO SECUNDARIO DE MATERIA - TERMINO TEMATICO
Término temático o nombre geográfico como elemento de entrada Claves taxonómicas
9 (RLIN) 3514
662 #6 - ASIENTO SECUNDARIO DE MATERIA - JERARQUIA DEL NOMBRE DE LUGAR(
País o entidad mayor Venezuela
942 ## - ELEMENTOS ADICIONALES (KOHA)
Tipo de ítem Libro
Sistema de clasificación Dewey Decimal Classification
Existencias
Withdrawn status Lost status Sistema de Clasificación Damaged status No para préstamo Colección Inventariado Ubicación Permanente Ubicación actual Fecha de adquisición Total Checkouts Número topográfico Inventario / Código de Barras Date last seen Date checked out Ejemplar Price effective from Forma de adquisición Tipo de material Public note Fuente de Valor
    Dewey Decimal Classification     General Inventariado 2017 Bogotá Bogotá 20/01/1999 1 LB-580.909 S85r 003750 24/08/2018 17/08/2018 V.9, P.2 Ej.2 04/12/2012 Donación Libro (Segunda parte)Disponible en fotocopia, solo para consulta en sala  
    Dewey Decimal Classification     General Inventariado 2017 Bogotá Bogotá 18/12/2002   LB-580.909 S85r 003751 04/12/2012   V.9, P.3 Ej.1 04/12/2012 Donación Libro (Tercera parte) Disponible en fotocopia, solo para consulta en sala  
    Dewey Decimal Classification     General Inventariado 2017 Bogotá Bogotá 22/01/2016   LB-580.909 S85r 039597 22/01/2016   V.9, P.2 Ej.1 22/01/2016 Donación Libro Segunda parte. Donación